| 000 | 01066nam a22003017a 4500 | ||
|---|---|---|---|
| 001 | 5326 | ||
| 003 | FISKH | ||
| 005 | 20241126113640.0 | ||
| 008 | 241126b cb ||||| |||| 00| 0 eng d | ||
| 020 | _a0590485946 | ||
| 040 |
_aFISKH _beng _cFISKH _dFISKH |
||
| 050 | _aPZ7.D1515 | ||
| 082 | _a823.914 | ||
| 100 | _aDahl, Roald | ||
| 245 |
_aThe Giraffe and the Pelly and Me / _cby Roald Dahl : illustrated by Quentin Blake |
||
| 250 | _aFirst Scholastic printing, November 1996 | ||
| 260 |
_aNew York : _bScholastic ; _c1985 . |
||
| 300 |
_a78 pages : _billustrations ; _c20 cm . |
||
| 505 | _aU | ||
| 520 | _aA small boy with a desire to own a candy shop meets a window-washing team composed of a giraffe, a pelican, and a monkey and together they go to work for the wealthy Duke of Hampshire, who makes all their dreams come true. | ||
| 521 | 8 |
_a840
_bLexile |
|
| 521 | 8 |
_aU
_bRaz-Plus |
|
| 650 |
_agiraffes _vFiction |
||
| 650 |
_aanimals _vFiction |
||
| 700 |
_aBlake, Quentin _eillustrator |
||
| 942 |
_2ddc _cBK _n0 |
||
| 999 |
_c5326 _d5326 |
||